Colección de documentos para la historia de la Inquisición de Córdoba / (Record no. 74777)

MARC details
000 -LEADER
campo de control de longitud fija 00954nam a2200253 i 4500
001 - NÚMERO DE CONTROL
campo de control 74777
003 - IDENTIFICADOR DE NÚMERO DE CONTROL
campo de control ES-MaACL
005 - FECHA Y HORA DE LA ÚLTIMA TRANSACCIÓN
campo de control 20250720010548.0
007 - CAMPO FIJO DE DESCRIPCIÓN FÍSICA--INFORMACIÓN GENERAL
campo de control de longitud fija t|
008 - DATOS DE LONGITUD FIJA--INFORMACIÓN GENERAL
campo de control de longitud fija 040921s1982 sp ||||1| spa d
020 ## - NÚMERO INTERNACIONAL ESTÁNDAR DEL LIBRO
Número Internacional Estándar del Libro 84-7231-649-1
080 ## - NÚMERO DE LA CLASIFICACIÓN DECIMAL UNIVERSAL
Número de la Clasificación Decimal Universal 272(460.351)(093.2)
245 00 - MENCIÓN DEL TÍTULO
Título Colección de documentos para la historia de la Inquisición de Córdoba /
Mención de responsabilidad, etc. [recopilada por] Rafael Gracia Boix ; prólogo de José Manuel Cuenca Toribio.
260 ## - PUBLICACIÓN, DISTRIBUCIÓN, ETC.
Lugar de publicación, distribución, etc. Córdoba :
Nombre del editor, distribuidor, etc. Monte de Piedad y Caja de Ahorros de Córdoba,
Fecha de publicación, distribución, etc. [1982]
300 ## - DESCRIPCIÓN FÍSICA
Extensión 317 p. :
Otras características físicas il. col. ;
Dimensiones 24 cm.
490 1# - MENCIÓN DE SERIE
Mención de serie Estudios y documentos ;
Designación de volumen o secuencia 3
650 #7 - PUNTO DE ACCESO ADICIONAL DE MATERIA--TÉRMINO DE MATERIA
Término de materia o nombre geográfico como elemento de entrada Inquisición-
Subdivisión geográfica Córdoba
Fuente del encabezamiento o término
9 (RLIN) 172836
700 1# - ENTRADA AGREGADA--NOMBRE PERSONAL
Nombre de persona Gracia Boix, Rafael.
9 (RLIN) 59466
700 1# - ENTRADA AGREGADA--NOMBRE PERSONAL
Nombre de persona Cuenca Toribio, José Manuel,
Fechas asociadas al nombre 1939-
9 (RLIN) 42007
710 2# - ENTRADA AGREGADA--NOMBRE DE ENTIDAD CORPORATIVA
Nombre de entidad corporativa o nombre de jurisdicción como elemento de entrada Monte de Piedad y Caja de Ahorros de Córdoba.
9 (RLIN) 5763
830 1# - PUNTO DE ACCESO ADICIONAL DE SERIE-TÍTULO UNIFORME
Título uniforme Estudios y documentos ;
Designación de volumen o secuencia 3
9 (RLIN) 182659
852 ## - LOCALIZACIÓN
Ubicación ES-MaACL
Número de control de estantería L-2222
Holdings
Estatus retirado Estado de pérdida Estado de daño No para préstamo Biblioteca de origen Biblioteca actual Ubicación en estantería Fecha de adquisición Fuente de adquisición Total de préstamos Signatura topográfica completa Código de barras Visto por última vez Precio de reemplazo Tipo de ítem Koha
        Biblioteca del Ateneo de Madrid Biblioteca del Ateneo de Madrid Depósito 2 17/01/2008     L-2222 1078274 23/02/2023 23/02/2023 Libro impreso